| 000 | 00611nam a22002297a 4500 | ||
|---|---|---|---|
| 005 | 20170124110127.0 | ||
| 010 | _a753993 | ||
| 020 | _c00.00 | ||
| 035 | _a753993 | ||
| 037 | _aCen Lib/Ret | ||
| 040 |
_aDPL _bEN |
||
| 082 |
_aN _bCEN |
||
| 100 |
_aCendrars, Blaise _931628 |
||
| 245 |
_aTo the end of the world / _cby Baise Cendrars; translated by Alan Brown |
||
| 260 |
_aLondon _bPeter owen _c1966 |
||
| 270 |
_bLondon _a12 Kendrick Mews |
||
| 300 |
_a251p. _c19cm(Hb) |
||
| 650 |
_a literature _96262 |
||
| 650 |
_aNovel _922513 |
||
| 700 |
_aBrown, Alan _9102168 |
||
| 942 |
_2ddc _cEN _hN _mCEN |
||
| 999 |
_c131380 _d131380 |
||